000
00329 a2200169 4500
001
188357
020
_a
85-08-06418-7
040
_c
Magnum
100
_a
Diniz Filho, Aymar Macedo
240
1
0
_a
Peixes
_l
por
245
1
0
_a
Peixes
300
_a
48
362
0
_a
2003
440
1
_a
Ática
697
_a
ZOOLOGIA
942
_c
BK
999
_c
188357
_d
188357